000 00681nam a2200277Ia 4500
005 20260324133405.0
008 008 260324s9999 xx 000 0 eng d
020 _a9781315376356
037 _aEBOOK
040 _aCRL
040 _beng
040 _cCRL
041 _2eng
041 _aeng
084 _qCRL
100 _aEd Peile; Glynis Buckle; Derek Gallen
_91192915
245 0 _aHigher Professional Education for General Practitioners
260 _bTaylor and Francis
260 _c2003
365 _a
365 _b145
856 _uhttp://www.taylorfrancis.com/books/9781315376356
942 _cEBOOK
999 _c1791894
_d1791894